| 000 | 00421nam a2200181Ia 4500 | ||
|---|---|---|---|
| 001 | 10018 | ||
| 005 | 20260306161801.0 | ||
| 008 | 260306t1979||||xx |||||||||||||| ||spa|| | ||
| 041 | _aESP | ||
| 082 |
_aPE 869.56 _bT48B |
||
| 100 |
_aThorndike, Guillermo _eAUT |
||
| 245 | 0 | _aLa batalla de Lima | |
| 260 | _c1979 | ||
| 300 |
_a359 páginas : _c20 cm. |
||
| 650 | _aGEN | ||
| 654 | _aCHU | ||
| 942 |
_cLIB _dJUS _fJUS _2ddc _n |
||
| 999 |
_c10018 _d10018 |
||